Statistics for Minnesota Timberwolves 2010s Top 10 Leaders

Click here to take the quiz!

General Stats

  • This quiz has been taken 89 times
  • The average score is 9 of 21

Answer Stats

Answer% Correct
Karl-Anthony Towns
99%
Andrew Wiggins
94%
Kevin Love
87%
Ricky Rubio
82%
Jeff Teague
62%
Gorgui Dieng
48%
Wesley Johnson
48%
Nikola Pekovic
45%
Zach LaVine
45%
Tyus Jones
37%
Taj Gibson
35%
Derrick Williams
34%
Al Jefferson
31%
Corey Brewer
31%
Corey Brewer
31%
Luke Ridnour
23%
Kevin Martin
21%
Shabazz Muhammad
15%
Darko Milicic
11%
Dante Cunningham
8%
J.J. Barea
6%

Score Distribution

Percentile by Number Answered

Percent of People with Each Score

Your Score History

You have not taken this quiz